Coplas del Río de Aguas / (Record no. 94144)

MARC details
000 -LEADER
campo de control de longitud fija 00840nam a2200253 i 4500
001 - NÚMERO DE CONTROL
campo de control 94144
003 - IDENTIFICADOR DE NÚMERO DE CONTROL
campo de control ES-MaACL
005 - FECHA Y HORA DE LA ÚLTIMA TRANSACCIÓN
campo de control 20231218150756.0
007 - CAMPO FIJO DE DESCRIPCIÓN FÍSICA--INFORMACIÓN GENERAL
campo de control de longitud fija t|
008 - DATOS DE LONGITUD FIJA--INFORMACIÓN GENERAL
campo de control de longitud fija 050624s1991 sp ||||1| spa d
020 ## - NÚMERO INTERNACIONAL ESTÁNDAR DEL LIBRO
Número Internacional Estándar del Libro 84-404-9188-3
080 ## - NÚMERO DE LA CLASIFICACIÓN DECIMAL UNIVERSAL
Número de la Clasificación Decimal Universal 821.134.2-14"19"
100 1# - ENTRADA PRINCIPAL--NOMBRE DE PERSONA
Nombre de persona Siles Artés, José,
Fechas asociadas al nombre 1930-
9 (RLIN) 106341
245 10 - MENCIÓN DEL TÍTULO
Título Coplas del Río de Aguas /
Mención de responsabilidad, etc. José Siles Artés ; presentación de Arturo Medina ; carta abierta de Ezequiel Navarrete ; prólogo de José María Martínez de Haro.
260 ## - PUBLICACIÓN, DISTRIBUCIÓN, ETC.
Lugar de publicación, distribución, etc. Madrid :
Nombre del editor, distribuidor, etc. [s.n.,
Fecha de publicación, distribución, etc. 1991]
300 ## - DESCRIPCIÓN FÍSICA
Extensión 78 p. ;
Dimensiones 23 cm.
490 1# - MENCIÓN DE SERIE
Mención de serie Indec
700 1# - ENTRADA AGREGADA--NOMBRE PERSONAL
Nombre de persona Medina, Arturo.
9 (RLIN) 79691
700 1# - ENTRADA AGREGADA--NOMBRE PERSONAL
Nombre de persona Navarrete, Ezequiel.
9 (RLIN) 85036
700 1# - ENTRADA AGREGADA--NOMBRE PERSONAL
Nombre de persona Martínez de Haro, José María.
9 (RLIN) 77992
830 0# - PUNTO DE ACCESO ADICIONAL DE SERIE-TÍTULO UNIFORME
Título uniforme Indec
9 (RLIN) 184316
852 ## - LOCALIZACIÓN
Ubicación ES-MaACL
Número de control de estantería G-869
Sublocalización o colección R.136249
Holdings
Estatus retirado Estado de pérdida Estado de daño No para préstamo Biblioteca de origen Biblioteca actual Ubicación en estantería Fecha de adquisición Fuente de adquisición Total de préstamos Signatura topográfica completa Código de barras Visto por última vez Precio de reemplazo Tipo de ítem Koha
        Biblioteca del Ateneo de Madrid Biblioteca del Ateneo de Madrid Depósito 2 17/01/2008     G-869 1098330 23/02/2023 23/02/2023 Libro impreso